000 00882nam a22002057a 4500
003 BUBTL
008 161107b xxu||||| |||| 00| 0 eng d
082 _a515.43MAI
100 _9902
_aমতিন,মুহাম্মাদ আবদুল / চক্রবর্তী ,বিধুভুষণ
245 _aইন্টিগ্রাল ক্যালকুলাস ও ডিফারেন্সিয়াল সমীকরণ
250 _a4th
260 _aঢাকা
_bষ্ট্যাণ্ডার্ড পাবলিকেশন্স
_cc2008
300 _a848p.
_c18cm.
650 0 _9124
_aMathematics
700 _9903
_aমতিন,মুহাম্মাদ আবদুল / চক্রবর্তী ,বিধুভুষণ
760 _b4th
856 _k0
_l0
_yDownload
942 _2ddc
_cBK
999 _c5376
_d5376